Clearance of dying cells in healthy and diseased immune systems / (Record no. 141559)
[ view plain ]
| 000 -LEADER | |
|---|---|
| fixed length control field | 01354cam a2200301 a 4500 |
| 001 - CONTROL NUMBER | |
| control field | vtls003224343 |
| 003 - CONTROL NUMBER IDENTIFIER | |
| control field | MY-SjTCS |
| 005 - DATE AND TIME OF LATEST TRANSACTION | |
| control field | 20200226115010.0 |
| 008 - FIXED-LENGTH DATA ELEMENTS--GENERAL INFORMATION | |
| fixed length control field | 111013s2010 maua 100 0 eng d |
| 020 ## - INTERNATIONAL STANDARD BOOK NUMBER | |
| International Standard Book Number | 9781573317979 (pbk.) |
| 020 ## - INTERNATIONAL STANDARD BOOK NUMBER | |
| International Standard Book Number | 1573317977 (pbk.) |
| 039 #9 - LEVEL OF BIBLIOGRAPHIC CONTROL AND CODING DETAIL [OBSOLETE] | |
| Level of rules in bibliographic description | 201112151348 |
| Level of effort used to assign nonsubject heading access points | pushpa |
| -- | 201110130833 |
| -- | masrina |
| 082 04 - DEWEY DECIMAL CLASSIFICATION NUMBER | |
| Classification number | 616.0799 |
| Item number | CLE 2010 |
| 245 00 - TITLE STATEMENT | |
| Title | Clearance of dying cells in healthy and diseased immune systems / |
| Statement of responsibility, etc. | issue editor, Dror Mevorach. |
| 260 ## - PUBLICATION, DISTRIBUTION, ETC. | |
| Place of publication, distribution, etc. | Boston, Mass. : |
| Name of publisher, distributor, etc. | Published by Blackwell Pub. on behalf of the New York Academy of Sciences, |
| Date of publication, distribution, etc. | 2010. |
| 300 ## - PHYSICAL DESCRIPTION | |
| Extent | 126 p. : |
| Other physical details | ill. (some col.) ; |
| Dimensions | 26 cm. |
| 490 1# - SERIES STATEMENT | |
| Series statement | Annals of the New York Academy of Sciences, |
| International Standard Serial Number | 0077-8923 ; |
| Volume/sequential designation | v. 1209 |
| 500 ## - GENERAL NOTE | |
| General note | "This volume presents manuscripts stemming from the conference entitled 'Clearance of dying cells in a healthy and diseased immune system,' held May 9-11, 2010 in Jerusalem, Israel" --t.p. |
| 504 ## - BIBLIOGRAPHY, ETC. NOTE | |
| Bibliography, etc. note | Includes bibliographical references. |
| 650 #0 - SUBJECT ADDED ENTRY--TOPICAL TERM | |
| Topical term or geographic name entry element | Cell death |
| Form subdivision | Congresses. |
| 650 #0 - SUBJECT ADDED ENTRY--TOPICAL TERM | |
| Topical term or geographic name entry element | Immune system |
| General subdivision | Physiology |
| Form subdivision | Congresses. |
| 650 #0 - SUBJECT ADDED ENTRY--TOPICAL TERM | |
| Topical term or geographic name entry element | Immunologic diseases |
| Form subdivision | Congresses. |
| 650 #0 - SUBJECT ADDED ENTRY--TOPICAL TERM | |
| Topical term or geographic name entry element | Apoptosis |
| Form subdivision | Congresses. |
| 650 #0 - SUBJECT ADDED ENTRY--TOPICAL TERM | |
| Topical term or geographic name entry element | Phagocytosis |
| Form subdivision | Congresses. |
| 700 1# - ADDED ENTRY--PERSONAL NAME | |
| Personal name | Mevorach, Dror. |
| 9 (RLIN) | 56533 |
| 830 #0 - SERIES ADDED ENTRY--UNIFORM TITLE | |
| Uniform title | Annals of the New York Academy of Sciences, |
| International Standard Serial Number | 0077-8923 ; |
| Volume/sequential designation | v.1209 |
| 9 (RLIN) | 53966 |
| 920 ## - Programme | |
| Programme | PHA : 173725 |
| Withdrawn status | Lost status | Source of classification or shelving scheme | Damaged status | Not for loan | Collection code | Home library | Current library | Date acquired | Total Checkouts | Barcode | Date last seen | Copy number | Koha item type | Public note |
|---|---|---|---|---|---|---|---|---|---|---|---|---|---|---|
| Withdrawn | Dewey Decimal Classification | Please fill up online form at https://taylorslibrary.taylors.edu.my/services/external_storage1 | Taylor's Library-TU | TU External Storage-LCS | 02/11/2011 | 5000125701 | 05/12/2019 | 1 | Main Collection | SOPxx,31001,02,CL |